[Event "Noisiel 5th op"]
[Site "Noisiel"]
[Date "2020.02.20"]
[Round "9"]
[White "Moreby, James"]
[Black "Parnali, S Dharia"]
[Result "1-0"]
[WhiteElo "2235"]
[BlackElo "2275"]
[PlyCount "67"]
[EventDate "2020.02.15"]
[EventType "swiss"]
[EventRounds "9"]
[EventCountry "FRA"]

1. d4 Nf6 2. Nc3 e6 3. e4 d5 4. e5 Nfd7 5. f4 c5 6. Nf3 Nc6 7. Be3 Qb6 8. Na4
Qa5+ 9. c3 cxd4 10. b4 Qc7 11. Nxd4 a6 12. Qd2 Be7 13. Be2 b5 14. Nb2 Bb7 15.
a4 bxa4 16. Nxa4 O-O 17. O-O Rfc8 18. Nb3 f6 19. exf6 Nxf6 20. Nb6 Ne4 21. Qd3
Bf6 22. Nxa8 Rxa8 23. Rac1 Qf7 24. Bf3 e5 25. Qb1 exf4 26. Bxe4 dxe4 27. Bxf4
Ne7 28. Nc5 Nd5 29. Nxb7 Qxb7 30. Qxe4 Qb6+ 31. Kh1 Rd8 32. Rcd1 Nxc3 33. Qc4+
Kh8 34. Bc7 1-0

[Event "Noisiel 5th op"]
[Site "Noisiel"]
[Date "2020.02.20"]
[Round "9"]
[White "Boulos, Carlos"]
[Black "Shailesh, Dravid"]
[Result "0-1"]
[WhiteElo "2137"]
[BlackElo "2269"]
[PlyCount "122"]
[EventDate "2020.02.15"]
[EventType "swiss"]
[EventRounds "9"]
[EventCountry "FRA"]

1. e4 e6 2. d4 d5 3. Nd2 a6 4. Ngf3 c5 5. exd5 exd5 6. c3 Nc6 7. dxc5 Bxc5 8.
Nb3 Bb6 9. Bd3 Nge7 10. O-O O-O 11. Bg5 f6 12. Bf4 Be6 13. Qc2 g6 14. Rad1 Qd7
15. Rfe1 Rad8 16. Qe2 Bf7 17. Be3 Bc7 18. Nc5 Qc8 19. Bd4 Nxd4 20. Nxd4 Be5 21.
Ncb3 Rfe8 22. Qf3 Qc7 23. h4 Nc8 24. h5 Nd6 25. hxg6 hxg6 26. Qg4 Ne4 27. g3
Kf8 28. Kg2 f5 29. Qh4 Kg7 30. Bxe4 dxe4 31. Rh1 Rh8 32. Qg5 Qc8 33. Rxh8 Rxh8
34. Qe7 Bf6 35. Qc5 Qe8 36. Ne2 Qg8 37. Rh1 Rxh1 38. Kxh1 Bxb3 39. axb3 Qxb3
40. Nf4 Qf7 41. Qc8 Kh6 42. g4 Kg5 43. Ne6+ Kxg4 44. Qc4 Qh7+ 45. Kg1 Qh3 46.
Qc7 g5 47. Qd6 Qd3 48. Qh2 Qd1+ 49. Kg2 Qf3+ 50. Kf1 e3 51. Qg2+ Qxg2+ 52. Kxg2
exf2 53. Kxf2 Be7 54. c4 f4 55. c5 Kf5 56. Nd4+ Ke4 57. c6 bxc6 58. Nxc6 Bc5+
59. Kf1 g4 60. Na5 f3 61. Nb3 Be3 0-1

[Event "Noisiel 5th op"]
[Site "Noisiel"]
[Date "2020.02.20"]
[Round "9"]
[White "Bassini, Emile"]
[Black "Le Pen, Steven"]
[Result "1-0"]
[WhiteElo "2244"]
[BlackElo "2047"]
[PlyCount "111"]
[EventDate "2020.02.15"]
[EventType "swiss"]
[EventRounds "9"]
[EventCountry "FRA"]

1. e4 c5 2. Nf3 d6 3. d4 cxd4 4. Nxd4 Nf6 5. Nc3 Nc6 6. Bg5 e6 7. Qd2 a6 8.
O-O-O Bd7 9. f4 b5 10. Bxf6 gxf6 11. Kb1 Qb6 12. Nxc6 Bxc6 13. f5 b4 14. Ne2 e5
15. Ng3 h5 16. h4 Rd8 17. Qe2 Ke7 18. Nxh5 Qb7 19. Qg4 Bh6 20. Bd3 a5 21. Qe2
a4 22. g4 a3 23. Rhe1 axb2 24. Bc4 Bc1 25. g5 fxg5 26. hxg5 Bxe4 27. Nf6 Bf3
28. Qxe5+ dxe5 29. Rxe5+ Kf8 30. Rxd8+ Kg7 31. Nh5+ Bxh5 32. f6+ Kh7 33. Bd3+
Bg6 34. Bxg6+ Kxg6 35. Rxh8 Bxg5 36. Rg8+ Kxf6 37. Rexg5 Qe4 38. Rg1 Qd4 39.
R8g4 Qc3 40. Rf1+ Ke6 41. Rgf4 Kd6 42. Rxf7 Ke6 43. R7f3 Qd2 44. Rd3 Qe2 45.
Rdd1 Qc4 46. Rfe1+ Kf7 47. Rd2 Qf4 48. Rde2 Qf5 49. Re7+ Kf8 50. Re8+ Kf7 51.
R1e7+ Kg6 52. Rg8+ Kh6 53. Re1 Qd5 54. Reg1 Kh7 55. R8g2 Qh5 56. Rg7+ 1-0

[Event "Noisiel 5th op"]
[Site "Noisiel"]
[Date "2020.02.20"]
[Round "9"]
[White "Ivanov, Mikhail M"]
[Black "Jeet, Jain"]
[Result "1/2-1/2"]
[WhiteElo "2353"]
[BlackElo "2223"]
[PlyCount "86"]
[EventDate "2020.02.15"]
[EventType "swiss"]
[EventRounds "9"]
[EventCountry "FRA"]

1. Nf3 d5 2. g3 c5 3. Bg2 Nc6 4. d4 e6 5. O-O Nf6 6. c4 dxc4 7. dxc5 Qxd1 8.
Rxd1 Bxc5 9. Nbd2 c3 10. bxc3 O-O 11. Nb3 Be7 12. Nfd4 Bd7 13. Nb5 Rfd8 14. Be3
Be8 15. Rxd8 Rxd8 16. Nxa7 Nd5 17. Bxd5 Rxd5 18. Nxc6 Bxc6 19. c4 Rd8 20. Na5
Be4 21. f3 Bf6 22. Rc1 Ra8 23. fxe4 Rxa5 24. Rb1 Rxa2 25. Rxb7 g5 26. Rb8+ Kg7
27. Kf2 Rc2 28. c5 Rc4 29. Rc8 Bd4 30. Bxd4+ Rxd4 31. Ke3 e5 32. Kf3 h5 33. Re8
f6 34. Re7+ Kg6 35. Rc7 g4+ 36. Ke3 Rc4 37. c6 Rc5 38. Rc8 Kg7 39. Kf2 Rc4 40.
c7 Rc2 41. Ke1 Rc1+ 42. Kd2 Rc6 43. Kd3 Rc5 1/2-1/2

[Event "Noisiel 5th op"]
[Site "Noisiel"]
[Date "2020.02.20"]
[Round "9"]
[White "Macon, Arthur"]
[Black "Deodhar, Vrushali Umesh"]
[Result "1-0"]
[WhiteElo "2343"]
[BlackElo "1880"]
[PlyCount "77"]
[EventDate "2020.02.15"]
[EventType "swiss"]
[EventRounds "9"]
[EventCountry "FRA"]

1. d4 d5 2. Bf4 c6 3. e3 Qb6 4. Nd2 Qxb2 5. Bd3 Nf6 6. Ngf3 Qb6 7. Ne5 g6 8.
Rb1 Qd8 9. h4 Nbd7 10. h5 Nxh5 11. Rxh5 gxh5 12. Qxh5 Nxe5 13. Bxe5 Rg8 14.
Bxh7 Rxg2 15. Kf1 Rg7 16. Bxg7 Bxg7 17. Nf3 Be6 18. Ke2 Qc7 19. Rg1 Bf8 20. Bf5
Bxf5 21. Qxf5 e6 22. Qf6 Qe7 23. Qh8 O-O-O 24. Rg8 Qb4 25. Ne5 Qe7 26. Kf1 Kc7
27. Ng4 Qb4 28. Qf6 Qe7 29. Qf4+ Kb6 30. Nf6 Qc7 31. Qf3 Be7 32. Ne8 Qd7 33.
Qxf7 Bh4 34. Qxd7 Rxd7 35. Rg6 Re7 36. Ng7 e5 37. Nf5 exd4 38. Nxe7 dxe3 39.
Nxd5+ 1-0

[Event "Noisiel 5th op"]
[Site "Noisiel"]
[Date "2020.02.20"]
[Round "9"]
[White "Roebers, Jan"]
[Black "Dubourg, Pierrick"]
[Result "0-1"]
[WhiteElo "2188"]
[BlackElo "1965"]
[PlyCount "82"]
[EventDate "2020.02.15"]
[EventType "swiss"]
[EventRounds "9"]
[EventCountry "FRA"]

1. e4 e6 2. d3 d5 3. Nd2 Nf6 4. Ngf3 b6 5. g3 c5 6. Bg2 Bb7 7. O-O dxe4 8. Ng5
Nbd7 9. Ngxe4 Qc7 10. Re1 Be7 11. Nxf6+ Nxf6 12. Ne4 Nxe4 13. Bxe4 Bxe4 14.
Rxe4 Bf6 15. Bf4 Qd7 16. Rb1 Rd8 17. Be5 Bxe5 18. Rxe5 O-O 19. Qe2 Qa4 20. a3
Rd4 21. Ra1 Rfd8 22. b3 Qa5 23. Qe1 Qxe1+ 24. Raxe1 Kf8 25. a4 Ke7 26. a5 Kd6
27. Rh5 h6 28. axb6 axb6 29. Ra1 Kc6 30. Ra7 R8d7 31. Rxd7 Rxd7 32. Kf1 Ra7 33.
Ke2 Kd6 34. Rh4 f5 35. d4 Kd5 36. dxc5 bxc5 37. Kd3 e5 38. Ra4 e4+ 39. Kc3 Rxa4
40. bxa4 g5 41. a5 f4 0-1

[Event "Noisiel 5th op"]
[Site "Noisiel"]
[Date "2020.02.20"]
[Round "9"]
[White "Meillon, Judicael"]
[Black "Toure, Vasanth"]
[Result "1-0"]
[WhiteElo "2051"]
[BlackElo "2115"]
[PlyCount "79"]
[EventDate "2020.02.15"]
[EventType "swiss"]
[EventRounds "9"]
[EventCountry "FRA"]

1. e4 e5 2. f4 exf4 3. Nf3 Ne7 4. d4 d5 5. Nc3 dxe4 6. Nxe4 Nd5 7. Bd3 Be7 8.
c4 Ne3 9. Bxe3 fxe3 10. O-O O-O 11. Qe2 Bg4 12. Qxe3 Bxf3 13. Rxf3 Nc6 14. d5
Ne5 15. Rf5 Nxd3 16. Qxd3 g6 17. Rff1 f5 18. Nc3 Bc5+ 19. Kh1 a6 20. Rae1 Re8
21. a3 Qh4 22. Re6 Rxe6 23. dxe6 Rd8 24. Nd5 c6 25. g3 Qd4 26. Qxd4 Bxd4 27.
Rd1 c5 28. b4 Rb8 29. Nc7 Be5 30. Rd7 Bxc7 31. Rxc7 Re8 32. Rxb7 cxb4 33. axb4
Rxe6 34. c5 Kf8 35. Rxh7 Re2 36. c6 Rc2 37. c7 Ke8 38. h4 Rc6 39. Kg2 Rc3 40.
Kf2 1-0

[Event "Noisiel 5th op"]
[Site "Noisiel"]
[Date "2020.02.20"]
[Round "9"]
[White "Mota, Pankit"]
[Black "Godebert, Florian"]
[Result "0-1"]
[WhiteElo "2048"]
[BlackElo "2002"]
[PlyCount "91"]
[EventDate "2020.02.15"]
[EventType "swiss"]
[EventRounds "9"]
[EventCountry "FRA"]

1. e4 c5 2. c3 d5 3. exd5 Qxd5 4. d4 e6 5. a3 Nf6 6. Nf3 Be7 7. Be3 cxd4 8.
cxd4 O-O 9. Nc3 Qd8 10. Bd3 b6 11. Qe2 Bb7 12. O-O Nd5 13. Ne4 Nxe3 14. fxe3
Nd7 15. Rad1 Rc8 16. Bb1 Bd5 17. Nfd2 Qc7 18. Rf2 Bb7 19. Rdf1 f5 20. Nc3 Bh4
21. Rf4 Bg5 22. Ba2 Bxf4 23. Bxe6+ Kh8 24. Rxf4 Rce8 25. d5 Nc5 26. Nb5 Qe7 27.
Nd4 Nxe6 28. dxe6 Bd5 29. Qh5 g6 30. Qh6 Bxe6 31. Rh4 Bg8 32. Rh3 Qg7 33. Qg5
f4 34. Nc6 fxe3 35. Rxe3 Rxe3 36. Qxe3 Qxb2 37. Nf3 Qb1+ 38. Ne1 Qf5 39. Nf3
Qc5 40. Ncd4 Bc4 41. h3 Rf7 42. Kh2 Re7 43. Qc3 Bd5 44. Qb2 Kg8 45. Nh4 Qd6+
46. g3 0-1

[Event "Noisiel 5th op"]
[Site "Noisiel"]
[Date "2020.02.20"]
[Round "9"]
[White "Helfer, Remi"]
[Black "Stepien, Jaroslaw"]
[Result "1-0"]
[WhiteElo "2017"]
[BlackElo "1960"]
[PlyCount "55"]
[EventDate "2020.02.15"]
[EventType "swiss"]
[EventRounds "9"]
[EventCountry "FRA"]

1. e4 e5 2. Nc3 Nf6 3. Bc4 Nc6 4. d3 Bc5 5. f4 d6 6. Nf3 Bg4 7. Na4 Bb6 8. Nxb6
axb6 9. c3 O-O 10. O-O h6 11. Qe1 exf4 12. Bxf4 Be6 13. Bb3 Bxb3 14. axb3 Qd7
15. Rxa8 Rxa8 16. Nh4 Qe6 17. Nf5 Nh5 18. Be3 Kh7 19. Qh4 Qg6 20. g4 Nf6 21.
Nxh6 gxh6 22. Rxf6 Ne5 23. Rxg6 Nf3+ 24. Kf2 Nxh4 25. Rxh6+ Kg7 26. Rxh4 Ra2
27. Bd4+ Kg6 28. c4 1-0

[Event "Noisiel 5th op"]
[Site "Noisiel"]
[Date "2020.02.20"]
[Round "9"]
[White "Labrande, Theodore"]
[Black "Yuan, Beline"]
[Result "1-0"]
[WhiteElo "2021"]
[BlackElo "1923"]
[PlyCount "133"]
[EventDate "2020.02.15"]
[EventType "swiss"]
[EventRounds "9"]
[EventCountry "FRA"]

1. e4 e6 2. d4 d5 3. Bd3 dxe4 4. Bxe4 Nf6 5. Bf3 c5 6. Ne2 Nc6 7. Be3 cxd4 8.
Nxd4 Ne5 9. O-O Be7 10. Nc3 O-O 11. Qe2 a6 12. Rad1 Qc7 13. Rfe1 Nxf3+ 14. Qxf3
Bd7 15. Bf4 Qb6 16. Be5 Rfd8 17. Qg3 Rac8 18. Ne4 Ne8 19. Nb3 Bb5 20. Bd4 Qc7
21. Qe3 Qxc2 22. Rd2 Qc4 23. Na5 Qxa2 24. Nxb7 Rd7 25. Nbc5 Rdc7 26. b4 Qc4 27.
Be5 Rc6 28. Rd4 Qc2 29. Rd2 Qc4 30. Bc3 e5 31. Nd7 Qb3 32. Nec5 Bxc5 33. Nxc5
Qc4 34. Qxe5 Rg6 35. h3 Bc6 36. f4 Rg3 37. Ne4 f6 38. Qf5 Bxe4 39. Rxe4 Qc6 40.
Bd4 Nd6 41. Qe6+ Kh8 42. Re1 Re8 43. Bc5 Rxe6 44. Rxe6 h5 45. Rexd6 Qb5 46.
R6d5 Qc4 47. Rxh5+ Kg8 48. Rd8+ Kf7 49. f5 Rxg2+ 50. Kxg2 Qe2+ 51. Kg3 Qe5+ 52.
Kf3 Qc3+ 53. Ke2 Qc2+ 54. Rd2 Qe4+ 55. Be3 Qxb4 56. Rd4 Qb5+ 57. Kf3 a5 58. Rf4
Qf1+ 59. Kg3 Qe1+ 60. Bf2 Qc3+ 61. Kh2 Qe5 62. Rhh4 a4 63. Bg3 Qe2+ 64. Rf2 Qd1
65. Rc4 Qb3 66. Rfc2 a3 67. Rc8 1-0

[Event "Noisiel 5th op"]
[Site "Noisiel"]
[Date "2020.02.20"]
[Round "9"]
[White "Azymah, Remy"]
[Black "Houhou, Alexandre"]
[Result "0-1"]
[WhiteElo "1932"]
[BlackElo "2014"]
[PlyCount "48"]
[EventDate "2020.02.15"]
[EventType "swiss"]
[EventRounds "9"]
[EventCountry "FRA"]

1. e4 e6 2. d4 d5 3. Nc3 Nf6 4. e5 Nfd7 5. f4 c5 6. Nf3 Nc6 7. Be3 cxd4 8. Nxd4
Bc5 9. Qd2 O-O 10. O-O-O a6 11. h4 Bxd4 12. Bxd4 b5 13. Rh3 b4 14. Na4 Nxd4 15.
Qxd4 a5 16. h5 Qc7 17. h6 g6 18. Bb5 Rb8 19. Bd3 b3 20. axb3 Rxb3 21. Nc3 Nc5
22. Qf2 Rb4 23. Rf3 Bb7 24. Nb5 Nxd3+ 0-1

[Event "Noisiel 5th op"]
[Site "Noisiel"]
[Date "2020.02.20"]
[Round "9"]
[White "Bellaiche, Elise"]
[Black "Brehaut, Carl"]
[Result "1/2-1/2"]
[WhiteElo "2033"]
[BlackElo "1918"]
[PlyCount "52"]
[EventDate "2020.02.15"]
[EventType "swiss"]
[EventRounds "9"]
[EventCountry "FRA"]

1. e4 c6 2. d4 d5 3. Nc3 dxe4 4. Nxe4 Nd7 5. Nf3 Ngf6 6. Ng3 Qc7 7. Bd3 e6 8.
Qe2 c5 9. Be3 Be7 10. O-O-O Nd5 11. Kb1 Qb6 12. Ka1 O-O 13. Ne4 Nxe3 14. fxe3
f5 15. Nc3 Nf6 16. Bc4 Rd8 17. d5 exd5 18. Nxd5 Nxd5 19. Bxd5+ Be6 20. Qc4 Rd6
21. Bxe6+ Rxe6 22. c3 Kh8 23. Rhe1 Qc6 24. Qf4 Qe4 25. Qc7 Qc6 26. Qf4 Qe4
1/2-1/2

[Event "Noisiel 5th op"]
[Site "Noisiel"]
[Date "2020.02.20"]
[Round "9"]
[White "Dorval, Olivier"]
[Black "Delmas Goyon, Francois"]
[Result "0-1"]
[WhiteElo "1883"]
[BlackElo "1902"]
[PlyCount "76"]
[EventDate "2020.02.15"]
[EventType "swiss"]
[EventRounds "9"]
[EventCountry "FRA"]

1. d4 Nf6 2. Bf4 c5 3. e3 e6 4. Nf3 d5 5. c3 Nc6 6. Nbd2 cxd4 7. exd4 Bd6 8.
Ne5 Qc7 9. Bb5 O-O 10. Qe2 Bd7 11. Bd3 a6 12. a4 b5 13. axb5 axb5 14. O-O b4
15. Rac1 bxc3 16. Rxc3 Nxd4 17. Qe3 Nc6 18. Ndf3 Ng4 19. Bxh7+ Kh8 20. Nxg4
Bxf4 21. Qd3 f5 22. Nfe5 Kxh7 23. Qh3+ Bh6 24. Qh5 fxg4 25. Qg6+ Kh8 26. Nxg4
Be8 27. Qxe6 Qd7 28. Qe2 Bh5 29. h3 Bxg4 30. hxg4 Rae8 31. Qc2 Nd4 32. Qg6 Ne2+
33. Kh2 Nxc3 34. bxc3 Rf6 35. Qh5 Qf7 36. Qh4 Kg8 37. g5 Rf4 38. Qh3 Bxg5 0-1

[Event "Noisiel 5th op"]
[Site "Noisiel"]
[Date "2020.02.20"]
[Round "9"]
[White "Galan, Francois"]
[Black "Olivier, Philippe"]
[Result "1/2-1/2"]
[WhiteElo "2025"]
[BlackElo "1919"]
[PlyCount "121"]
[EventDate "2020.02.15"]
[EventType "swiss"]
[EventRounds "9"]
[EventCountry "FRA"]

1. c4 g6 2. g3 Bg7 3. Bg2 d6 4. Nc3 Nc6 5. e3 e5 6. Nge2 Be6 7. Nd5 Qd7 8. d3
Nd8 9. h4 h5 10. b3 c6 11. Ndc3 Nh6 12. Ba3 f5 13. Rc1 Rb8 14. d4 Bg8 15. dxe5
dxe5 16. Qc2 Be6 17. O-O Kf7 18. Rfd1 Qc8 19. Bd6 Ra8 20. Na4 Re8 21. Nc5 Kg8
22. Nxe6 Nxe6 23. Ba3 Nf7 24. Nc3 Qc7 25. Na4 b6 26. b4 Rad8 27. b5 e4 28. Bb2
cxb5 29. Rxd8 Rxd8 30. cxb5 Qxc2 31. Rxc2 Bxb2 32. Nxb2 Ne5 33. Bf1 Nf3+ 34.
Kh1 Nc5 35. Be2 Ne1 36. Rc1 Rd2 37. Rxe1 Rxb2 38. Kg1 Kf8 39. Bc4 Rc2 40. Bb3
Rd2 41. Bc4 Ke7 42. Rc1 Kf6 43. Kf1 Nd3 44. Bxd3 exd3 45. a4 Ke5 46. Rc4 Rd1+
47. Kg2 Ra1 48. Rd4 Ra3 49. Kf3 d2 50. Ke2 Ra2 51. Kd1 Ke6 52. f3 Ke5 53. Rb4
Kd5 54. Rd4+ Kc5 55. g4 Rb2 56. gxf5 gxf5 57. Rf4 Ra2 58. Rd4 Rb2 59. Rf4 Ra2
60. Rd4 Rb2 61. Rf4 1/2-1/2

[Event "Noisiel 5th op"]
[Site "Noisiel"]
[Date "2020.02.20"]
[Round "9"]
[White "Bouton, Christophe"]
[Black "Noblecourt, Nicolas"]
[Result "1-0"]
[WhiteElo "2001"]
[BlackElo "1918"]
[PlyCount "83"]
[EventDate "2020.02.15"]
[EventType "swiss"]
[EventRounds "9"]
[EventCountry "FRA"]

1. b3 g6 2. Bb2 Nf6 3. Bxf6 exf6 4. c4 Bg7 5. Nc3 d6 6. g3 O-O 7. Bg2 Nc6 8. d4
f5 9. e3 f4 10. gxf4 Re8 11. Kf1 Bf5 12. Nge2 Qc8 13. h3 Ne7 14. Rc1 c6 15. Ng3
Bd7 16. Kg1 a6 17. Kh2 Qd8 18. Qd2 Qa5 19. Rhd1 b5 20. Nd5 Qxd2 21. Nxe7+ Rxe7
22. Rxd2 b4 23. a4 bxa3 24. Ra1 Rb8 25. Rxa3 a5 26. Rxa5 Rxb3 27. Ne4 Re6 28.
Ra8+ Bf8 29. Rd8 Rb7 30. d5 cxd5 31. cxd5 Re7 32. Nxd6 Ra7 33. Rb2 Ra6 34. Nc4
Ra4 35. Ne5 Bf5 36. Rbb8 Ra2 37. Rxf8+ Kg7 38. Kg3 Rc7 39. Rg8+ Kh6 40. d6 Rcc2
41. Nxf7+ Kh5 42. Bf3+ 1-0